<?xml version="1.0" encoding="UTF-8"?>
<record
    xmlns:xsi="http://www.w3.org/2001/XMLSchema-instance"
    xsi:schemaLocation="http://www.loc.gov/MARC21/slim http://www.loc.gov/standards/marcxml/schema/MARC21slim.xsd"
    xmlns="http://www.loc.gov/MARC21/slim">

  <leader>00817nam a2200229Ia 4500</leader>
  <controlfield tag="005">20220219102631.0</controlfield>
  <controlfield tag="008">210716s2014    xx            000 0 und d</controlfield>
  <datafield tag="020" ind1=" " ind2=" ">
    <subfield code="a">9780071333313</subfield>
  </datafield>
  <datafield tag="040" ind1=" " ind2=" ">
    <subfield code="c">AIMIT LIBRARY</subfield>
  </datafield>
  <datafield tag="041" ind1=" " ind2=" ">
    <subfield code="a">eng</subfield>
  </datafield>
  <datafield tag="082" ind1=" " ind2=" ">
    <subfield code="a">658.812 </subfield>
    <subfield code="2">1</subfield>
    <subfield code="b">MAKU</subfield>
  </datafield>
  <datafield tag="100" ind1=" " ind2=" ">
    <subfield code="a">Makkar, Urvashi.</subfield>
    <subfield code="9">21251</subfield>
  </datafield>
  <datafield tag="245" ind1=" " ind2=" ">
    <subfield code="a">Customer relationship management /</subfield>
    <subfield code="c">By Urvashi Makkar and Harinder Kumar Makkar.</subfield>
  </datafield>
  <datafield tag="250" ind1=" " ind2=" ">
    <subfield code="a">1st ed.</subfield>
  </datafield>
  <datafield tag="260" ind1=" " ind2=" ">
    <subfield code="a">New Delhi :</subfield>
    <subfield code="b">Tata McGraw Hill Publishing Company Ltd ,</subfield>
    <subfield code="c">2014.</subfield>
  </datafield>
  <datafield tag="300" ind1=" " ind2=" ">
    <subfield code="a">Xvii; 274p. ;</subfield>
    <subfield code="c">24 cm.</subfield>
  </datafield>
  <datafield tag="650" ind1=" " ind2=" ">
    <subfield code="a">Customer life cycle and customer lifetime value</subfield>
    <subfield code="9">21252</subfield>
  </datafield>
  <datafield tag="650" ind1=" " ind2=" ">
    <subfield code="a">Service quality and service capacity planning</subfield>
    <subfield code="9">21253</subfield>
  </datafield>
  <datafield tag="650" ind1=" " ind2=" ">
    <subfield code="a">Planning and implementing CRM</subfield>
    <subfield code="9">21254</subfield>
  </datafield>
  <datafield tag="700" ind1=" " ind2=" ">
    <subfield code="a">Makkar, Harinder Kumar.</subfield>
    <subfield code="9">21255</subfield>
  </datafield>
  <datafield tag="942" ind1=" " ind2=" ">
    <subfield code="2">ddc</subfield>
    <subfield code="c">BK</subfield>
    <subfield code="e">1st ed.</subfield>
    <subfield code="k">658.812 MAKU</subfield>
  </datafield>
  <datafield tag="999" ind1=" " ind2=" ">
    <subfield code="c">209278</subfield>
    <subfield code="d">209278</subfield>
  </datafield>
  <datafield tag="952" ind1=" " ind2=" ">
    <subfield code="0">0</subfield>
    <subfield code="1">0</subfield>
    <subfield code="2">ddc</subfield>
    <subfield code="4">0</subfield>
    <subfield code="7">0</subfield>
    <subfield code="8">MBA</subfield>
    <subfield code="a">AIMIT</subfield>
    <subfield code="b">AIMIT</subfield>
    <subfield code="d">2015-08-21</subfield>
    <subfield code="g">625.00</subfield>
    <subfield code="i">Bill no:237; Bill dt:2015-08-19</subfield>
    <subfield code="l">0</subfield>
    <subfield code="o">658.812 MAKU</subfield>
    <subfield code="p">MBA11844</subfield>
    <subfield code="r">2026-05-23 00:00:00</subfield>
    <subfield code="v">500.00</subfield>
    <subfield code="w">2021-07-16</subfield>
    <subfield code="y">BK</subfield>
  </datafield>
  <datafield tag="952" ind1=" " ind2=" ">
    <subfield code="0">0</subfield>
    <subfield code="1">0</subfield>
    <subfield code="2">ddc</subfield>
    <subfield code="4">0</subfield>
    <subfield code="7">0</subfield>
    <subfield code="8">MBA</subfield>
    <subfield code="a">AIMIT</subfield>
    <subfield code="b">AIMIT</subfield>
    <subfield code="d">2015-08-21</subfield>
    <subfield code="g">625.00</subfield>
    <subfield code="i">Bill no:237; Bill dt:2015-08-19</subfield>
    <subfield code="l">0</subfield>
    <subfield code="o">658.812 MAKU</subfield>
    <subfield code="p">MBA11845</subfield>
    <subfield code="r">2026-05-23 00:00:00</subfield>
    <subfield code="v">500.00</subfield>
    <subfield code="w">2021-07-16</subfield>
    <subfield code="y">BK</subfield>
  </datafield>
  <datafield tag="952" ind1=" " ind2=" ">
    <subfield code="0">0</subfield>
    <subfield code="1">0</subfield>
    <subfield code="2">ddc</subfield>
    <subfield code="4">0</subfield>
    <subfield code="7">0</subfield>
    <subfield code="8">MBA</subfield>
    <subfield code="a">AIMIT</subfield>
    <subfield code="b">AIMIT</subfield>
    <subfield code="d">2015-08-21</subfield>
    <subfield code="g">625.00</subfield>
    <subfield code="i">Bill no:237; Bill dt:2015-08-19</subfield>
    <subfield code="l">0</subfield>
    <subfield code="o">658.812 MAKU</subfield>
    <subfield code="p">MBA11846</subfield>
    <subfield code="r">2026-05-23 00:00:00</subfield>
    <subfield code="v">500.00</subfield>
    <subfield code="w">2021-07-16</subfield>
    <subfield code="y">BK</subfield>
  </datafield>
  <datafield tag="952" ind1=" " ind2=" ">
    <subfield code="0">0</subfield>
    <subfield code="1">0</subfield>
    <subfield code="2">ddc</subfield>
    <subfield code="4">0</subfield>
    <subfield code="7">0</subfield>
    <subfield code="8">MBA</subfield>
    <subfield code="a">AIMIT</subfield>
    <subfield code="b">AIMIT</subfield>
    <subfield code="d">2015-08-21</subfield>
    <subfield code="g">625.00</subfield>
    <subfield code="i">Bill no:237; Bill dt:2015-08-19</subfield>
    <subfield code="l">0</subfield>
    <subfield code="o">658.812 MAKU</subfield>
    <subfield code="p">MBA11847</subfield>
    <subfield code="r">2026-05-23 00:00:00</subfield>
    <subfield code="v">500.00</subfield>
    <subfield code="w">2021-07-16</subfield>
    <subfield code="y">BK</subfield>
  </datafield>
  <datafield tag="952" ind1=" " ind2=" ">
    <subfield code="0">0</subfield>
    <subfield code="1">0</subfield>
    <subfield code="2">ddc</subfield>
    <subfield code="4">0</subfield>
    <subfield code="7">0</subfield>
    <subfield code="8">MBA</subfield>
    <subfield code="a">AIMIT</subfield>
    <subfield code="b">AIMIT</subfield>
    <subfield code="d">2015-08-21</subfield>
    <subfield code="g">625.00</subfield>
    <subfield code="i">Bill no:237; Bill dt:2015-08-19</subfield>
    <subfield code="l">0</subfield>
    <subfield code="o">658.812 MAKU</subfield>
    <subfield code="p">MBA11848</subfield>
    <subfield code="r">2026-05-23 00:00:00</subfield>
    <subfield code="v">500.00</subfield>
    <subfield code="w">2021-07-16</subfield>
    <subfield code="y">BK</subfield>
  </datafield>
  <datafield tag="952" ind1=" " ind2=" ">
    <subfield code="0">0</subfield>
    <subfield code="1">0</subfield>
    <subfield code="2">ddc</subfield>
    <subfield code="4">0</subfield>
    <subfield code="7">0</subfield>
    <subfield code="8">MBA</subfield>
    <subfield code="a">AIMIT</subfield>
    <subfield code="b">AIMIT</subfield>
    <subfield code="d">2018-03-15</subfield>
    <subfield code="g">650.00</subfield>
    <subfield code="i">Bill no:4594; Bill dt:2018-03-15</subfield>
    <subfield code="l">0</subfield>
    <subfield code="o">658.812 MAKU</subfield>
    <subfield code="p">MBA13135</subfield>
    <subfield code="r">2026-05-23 00:00:00</subfield>
    <subfield code="v">487.50</subfield>
    <subfield code="w">2021-07-16</subfield>
    <subfield code="y">BK</subfield>
  </datafield>
  <datafield tag="952" ind1=" " ind2=" ">
    <subfield code="0">0</subfield>
    <subfield code="1">0</subfield>
    <subfield code="2">ddc</subfield>
    <subfield code="4">0</subfield>
    <subfield code="7">0</subfield>
    <subfield code="8">MBA</subfield>
    <subfield code="a">AIMIT</subfield>
    <subfield code="b">AIMIT</subfield>
    <subfield code="d">2018-03-15</subfield>
    <subfield code="g">650.00</subfield>
    <subfield code="i">Bill no:4594; Bill dt:2018-03-15</subfield>
    <subfield code="l">0</subfield>
    <subfield code="o">658.812 MAKU</subfield>
    <subfield code="p">MBA13136</subfield>
    <subfield code="r">2026-05-23 00:00:00</subfield>
    <subfield code="v">487.50</subfield>
    <subfield code="w">2021-07-16</subfield>
    <subfield code="y">BK</subfield>
  </datafield>
  <datafield tag="952" ind1=" " ind2=" ">
    <subfield code="0">0</subfield>
    <subfield code="1">0</subfield>
    <subfield code="2">ddc</subfield>
    <subfield code="4">0</subfield>
    <subfield code="7">0</subfield>
    <subfield code="8">MBA</subfield>
    <subfield code="a">AIMIT</subfield>
    <subfield code="b">AIMIT</subfield>
    <subfield code="d">2019-03-12</subfield>
    <subfield code="g">650.00</subfield>
    <subfield code="i">Bill no:5381; Bill dt:2019-03-11</subfield>
    <subfield code="l">0</subfield>
    <subfield code="o">658.812 MAKU</subfield>
    <subfield code="p">MBA13583</subfield>
    <subfield code="r">2026-05-23 00:00:00</subfield>
    <subfield code="v">520.00</subfield>
    <subfield code="w">2021-07-16</subfield>
    <subfield code="y">BK</subfield>
  </datafield>
</record>
